Guess the Fusion Rock Song Lyrics #307 - Statistics

General Stats
  • This quiz has been taken 13 times
  • The average score is 337 of 441
Answer Stats
Answer % Correct
a
100%
all
100%
I
100%
just
100%
on
100%
the
100%
The
100%
to
100%
want
100%
When
100%
when
100%
day
89%
do
89%
don't
89%
go
89%
like
89%
my
89%
need
89%
that
89%
you
89%
an
78%
can
78%
Ever
78%
Every
78%
from
78%
gonna
78%
I'm
78%
is
78%
it
78%
me
78%
no
78%
play
78%
so
78%
wanna
78%
and
67%
And
67%
But
67%
get
67%
got
67%
head
67%
not
67%
out
67%
She
67%
That's
67%
that's
67%
they
67%
this
67%
This
67%
were
67%
why
67%
with
67%
work
67%
at
56%
boy
56%
feel
56%
made
56%
should
56%
take
56%
thing
56%
think
56%
took
56%
was
56%
Yes
56%
after
44%
bang
44%
Bang
44%
because
44%
Because
44%
drum
44%
hand
44%
Hey
44%
now
44%
told
44%
right
33%
since
33%
boss
22%
boss's
22%
Everybody
22%
hands
22%
home
22%
jerk
22%
Listen
22%
shed
22%
stay
22%
til
22%
Todd Rundgren
22%
Blisters
11%
candy
11%
dance
11%
frustrated
11%
old
11%
pound
11%
school
11%
stick
11%
sticks
11%
teacher
11%
tiny
11%
toy
11%
Alright
0%
caught
0%
coffee
0%
desk
0%
fool
0%
hot
0%
licks
0%
older
0%
pounding
0%
sucker
0%
No matching quizzes found
Score Distribution
Percent of People with Each Score
Percentile by Number Answered
Your Score History
You have not taken this quiz